000 01060nam0a22002531 4500
001 rc\4132637
005 20260407113317.0
021 _aRU
_b[52-45261]
035 _a(NLR Aleph) 008158552
090 _a7793944
_c7793944
100 _a20130415d1952 |||y0rusy50 ca
101 0 _arus
102 _aRU
105 _ay z |||||
200 1 _aО проведении массовых спортивных мероприятий коллективов физкультуры профсоюзов гор. Москвы в 1953 г.
_eПостановление Президиума Моск. гор. совета проф. союзов [и положения]
210 _aМосква
_cБ. и.
_d1952
215 _a44 с.
_d20
606 _aФизкультурно-спортивная работа
_yМосква
_2psbo
710 0 2 _aМосковский городской совет профсоюзов
_3RU\NLR\AUTH\8810065343
_9632298
801 0 _aRU
_bNLR
_gpsbo
801 1 _aRU
_bELAR
_2rusmarc
852 _aNLR
_jИр70 Г-4/807
942 _cBOOK
980 _aNB